MATLAB programming for engineers /

This book is about: Introduction to MATLAB; MATLAB basics; Branching statements and program design; Loops; User-Defined functions; Input/Output functions; ...

Zapisane w:
Opis bibliograficzny
1. autor: Chapman, Stephen J.
Format: Książka
Język:English
Wydane: Pacific Grove, CA : Brooks/Cole, 2000.
Hasła przedmiotowe:
Etykiety: Dodaj etykietę
Nie ma etykietki, Dołącz pierwszą etykiete!
Thư viện lưu trữ: Mạng thư viện Đại học Đà Nẵng
LEADER 01099cam a2200361 i 4500
001 000049443
003 9189
005 20051111143537.0
008 010324b2000 vm 000 eng
020 |a 0534951511 
040 |a IRC  |c IRC  |d IRC 
041 0 |a eng 
082 1 4 |a 519.40285513  |b CH-S 
100 1 |a Chapman, Stephen J. 
245 0 0 |a MATLAB programming for engineers /  |c Stephen J. Chapman. 
260 |a Pacific Grove, CA :  |b Brooks/Cole,  |c 2000. 
300 |a xvii, 444 p. :  |b ill. (some col.), ;  |c 23.5cm. 
520 3 |a This book is about: Introduction to MATLAB; MATLAB basics; Branching statements and program design; Loops; User-Defined functions; Input/Output functions; ... 
630 0 4 |a Matlab. 
630 0 4 |a Numerical analysis. 
630 0 4 |a Data processing. 
650 0 4 |a Numerical analysis  |x Data processing. 
650 0 4 |a MATLAB. 
OWN |a DUT 
999 |a From the UDN01 
TYP |a Monograph 
TYP |a Printed language 
980 |a Mạng thư viện Đại học Đà Nẵng